000 00470nam a2200193Ia 4500
005 20250603150025.0
008 250603s9999 xx 000 0 und d
020 _a9780702047466
050 _aQM 551 .Y68/
100 _aYoung, Barbara
245 0 _aWheater’s functional histology: a text and colour atlas
250 _a6th ed.
260 _aPhiladelphia
260 _bElsevier
260 _c2014
300 _a452 p
650 _aPhiladelphia
942 _cBK
999 _c43542
_d43542